Certified Macromedia Flash MX designer study guide (Record no. 6906)
[ view plain ]
| 000 -LEADER | |
|---|---|
| fixed length control field | 00810 a2200205 4500 |
| 020 ## - INTERNATIONAL STANDARD BOOK NUMBER | |
| International Standard Book Number | 0321126955 |
| 040 ## - CATALOGING SOURCE | |
| Original cataloging agency | DLC |
| Language of cataloging | DLC |
| 100 1# - MAIN ENTRY--PERSONAL NAME | |
| Personal name | Hayes, Chris. |
| 245 10 - TITLE STATEMENT | |
| Title | Certified Macromedia Flash MX designer study guide |
| Statement of responsibility, etc. | Christopher Hayes. |
| 246 30 - VARYING FORM OF TITLE | |
| Title proper/short title | Macromedia Flash MX designer study guide |
| 246 30 - VARYING FORM OF TITLE | |
| Title proper/short title | Certified Flash MX designer study guide |
| 260 ## - PUBLICATION, DISTRIBUTION, ETC. | |
| Place of publication, distribution, etc. | Berkeley, Calif. : |
| Name of publisher, distributor, etc. | Macromedia Press, |
| Date of publication, distribution, etc. | c2003. |
| 300 ## - PHYSICAL DESCRIPTION | |
| Extent | xix, 116 p. : |
| Other physical details | ill. ; |
| Dimensions | 23 cm. |
| 500 ## - GENERAL NOTE | |
| General note | Includes index. |
| 500 ## - GENERAL NOTE | |
| General note | "What every Macromedia Flash designer needs to know to pass the Certified Macromedia Flash MX designer exam"--Cover. |
| 650 #0 - SUBJECT ADDED ENTRY--TOPICAL TERM | |
| Topical term or geographic name entry element | Computer animation |
| General subdivision | Examinations |
| 650 #0 - SUBJECT ADDED ENTRY--TOPICAL TERM | |
| Topical term or geographic name entry element | Web sites |
| General subdivision | Design |
| -- | Examinations |
| 650 #0 - SUBJECT ADDED ENTRY--TOPICAL TERM | |
| Topical term or geographic name entry element | Electronic data processing personnel |
| General subdivision | Certification. |
| 942 ## - ADDED ENTRY ELEMENTS (KOHA) | |
| Koha item type | Book |
| Call number prefix | 006.78 HAY |
| Source of classification or shelving scheme | |
| Withdrawn status | Lost status | Damaged status | Not for loan | Collection code | Permanent Location | Current Location | Shelving location | Date acquired | Source of acquisition | Cost, normal purchase price | Total Checkouts | Full call number | Barcode | Date last seen | Price effective from | Koha item type |
|---|---|---|---|---|---|---|---|---|---|---|---|---|---|---|---|---|
| Central Library (CL) | Central Library (CL) | First Floor - Machine Learning/Computer Graphics | 09/30/2004 | Vanguard Books | 132.95 | 006.78 HAY | SEECS004806 | 11/14/2012 | 01/05/2017 | Book | ||||||
| Central Library (CL) | Central Library (CL) | First Floor - Machine Learning/Computer Graphics | 09/30/2004 | Vanguard Books | 132.95 | 006.78 HAY | SEECS004805 | 11/14/2012 | 01/05/2017 | Book |
